| 000 | 00574nam a2200193 i 4500 | ||
|---|---|---|---|
| 001 | 67947 | ||
| 003 | ES-MaACL | ||
| 005 | 20251011063112.0 | ||
| 007 | t| | ||
| 008 | 040216s1965 sp f |||| | spa d | ||
| 100 | 0 |
_aGallego Morell, Antonio, _d1923-2009 _953576 |
|
| 245 | 1 | 0 |
_aÁngel Ganivet, el excéntrico del 98 / _cAntonio Gallego Morell. |
| 250 | _a1ª ed. | ||
| 260 |
_aGranada : _b[Albaicín], _c1965. |
||
| 300 |
_a280 p., 24 lám. ; _c22 cm. |
||
| 600 | 1 | 4 |
_aGanivet, Ángel, _d1865-1898 _953864 |
| 852 |
_aES-MaACL _jC-28106 |
||
| 999 |
_c67947 _d67947 |
||